000 04030nam a2200721 i 4500
001 0008070665
003 OSt
005 20260530103738.0
008 251121s2026 quca 000 f fre
020 _a9782897772109
020 _a2897772107
040 _aQMBN
_bfre
_erda
_cQMBN
050 4 _aPS9635*
082 0 4 _aR 112yad
_223/fre/202605
_mb
082 0 4 _a843/.92
_bR112y
_223/fre/202605
082 0 4 _aC843/.92
_bR112y
_223/fre/202605
_mb
084 _aC848/.92
_bR112y
_2z
100 1 _aRabagliati, Michel,
_d1961-
_eauteur
245 1 0 _aY a d'la joie /
_cMichel Rabagliati
250 _a1re ďition
264 1 _aMontrǎl (Qub̌ec) :
_bla Pastq̈ue,
_c[2026]
300 _a173 pages :
_billustrations ;
_c21 cm
336 _atexte
_btxt
_2rdacontent
336 _aimage fixe
_bsti
_2rdacontent
337 _asans mďiation
_bn
_2rdamedia
338 _avolume
_bnc
_2rdacarrier
650 6 _aPaul (Personnage fictif : Rabagliati)
_vRomans, nouvelles, etc.
650 6 _aVie quotidienne
_vRomans, nouvelles, etc.
650 6 _aSouvenir
_vRomans, nouvelles, etc.
650 6 _aDp̌lacements p̉ied
_vRomans, nouvelles, etc.
651 6 _aMontrǎl (Qub̌ec)
_vRomans, nouvelles, etc.
655 7 _aRomans qub̌čois
_y21e sic̈le
_2local
655 7 _aRomans graphiques
_2rvmgf
942 _2ddc
_cROM ADULTE
999 _c18877
_d18877